书目信息 |
| 题名: |
《中共中央关于制定国民经济和社会发展第十一个五年规划的建议》辅导读本
|
|
| 作者: | 本书编写组编 | |
| 分册: | ||
| 出版信息: | 北京 人民出版社 2005 |
|
| 页数: | 580页 | |
| 开本: | 20cm | |
| 丛书名: | ||
| 单 册: | ||
| 中图分类: | D229 , F123.39 | |
| 科图分类: | 33.12424 | |
| 主题词: | ||
| 电子资源: | ||
| ISBN: | 7-01-005203-4 | |
| 000 | 00789nnam 2200217 45 | |
| 001 | 0196010040 | |
| 005 | 20070707164859.45 | |
| 010 | @a7-01-005203-4@dCNY30.00 | |
| 100 | @a19950626d2005 y0chiy0121 ea | |
| 101 | 0 | @achi |
| 102 | @aCN@b110000 | |
| 105 | @ay z 000yy | |
| 200 | 12 | @a《中共中央关于制定国民经济和社会发展第十一个五年规划的建议》辅导读本@A《 ZHONG GONG ZHONG YANG GUAN YU ZHI DING GUO MIN JING JI HE SHE HUI FA ZHAN“ JIU WU ” JI HUA HE 2010 NIAN YUAN JING MU BIAO DE JIAN YI 》 MING CI SHU YU JIE HI@f本书编写组编@Fben shu bian xie zu bian |
| 210 | @a北京@c人民出版社@d2005 | |
| 215 | @a580页@d20cm | |
| 601 | 02 | @a中国共产党@x文件@x学习参考资料 |
| 690 | @aD229 | |
| 690 | @aF123.39 | |
| 692 | @a33.12424 | |
| 801 | 0 | @aCN@bTSSF@c20070707 |
| 905 | @a10447@dF123.39@e179 | |
| 《中共中央关于制定国民经济和社会发展第十一个五年规划的建议》辅导读本/本书编写组编.-北京:人民出版社,2005 |
| 580页;20cm |
| ISBN 7-01-005203-4:CNY30.00 |
| ● |
| 相关链接 |
|
|
|
|
正题名:《中共中央关于制定国民经济和社会发展第十一个五年规划的建议》辅导读本
索取号:F123.39/179
 
预约/预借
| 序号 | 登录号 | 条形码 | 馆藏地/架位号 | 状态 | 备注 |
| 1 | 0766598 | 207665980 | 第一借阅区/ [索取号:F123.39/179] | 在馆 | |
| 2 | 0766629 | 207666293 | 第一样本阅览室/ [索取号:F123.39/179] | 在馆 |